Literae Apostolicae, quibus variae facultates, et indulgentiae religiosis Societatis Jesu, et Alijs Christi fidelibus in Indiarum Orientalum et Occidentalium provincijs conceduntur

Detalles Bibliográficos
Formato: Libro
Lenguaje:Undetermined
Latin
Publicado: Romae : Collegio Societatis Jesu, 1585.
Materias:
Colección:Banco de datos
Acervo:Biblioteca Palafoxiana. Colección bibliográfica
Descripción Física:97, [11], 18 p. ; 8°
Tema general:Derecho eclesiástico
Notas:Sello en seco (1211). Número de localización: 1185, 1211
LEADER 00661nam a2200157Ia 4500
008 150723s9999 xx 000 0 und d
041 0 |a lat 
050 0 |a PAFX BR115 .L28 L5 
245 1 0 |a Literae Apostolicae, quibus variae facultates, et indulgentiae religiosis Societatis Jesu, et Alijs Christi fidelibus in Indiarum Orientalum et Occidentalium provincijs conceduntur 
260 |a Romae : Collegio Societatis Jesu, 1585. 
300 |a 97, [11], 18 p. ; 8° 
500 |a Sello en seco (1211). Número de localización: 1185, 1211 
650 1 0 |a Derecho eclesiástico 
942 |c PALALIB 
943 |g Biblioteca Palafoxiana. Colección bibliográfica 
999 |c 1049331  |d 1049331